Score 0/31 Timer 09:00
0 Plays Today
Population Town % Correct
768,103Hempstead
84.2%
298,388Oyster Bay
71.1%
330,914Islip
65.8%
44,035Poughkeepsie
60.5%
482,436Brookhaven
60.5%
231,117North Hempstead
57.9%
125,659Amherst
55.3%
210,363Babylon
55.3%
201,546Huntington
52.6%
136,848Ramapo
50%
71,939Tonawanda
47.4%
86,181Cheektowaga
42.1%
49,927Irondequoit
42.1%
58,314Southampton
42.1%
91,338Greenburgh
42.1%
46,533Rye
42.1%
Population Town % Correct
83,194Colonie
39.5%
95,809Greece
39.5%
86,329Clarkstown
39.5%
116,384Smithtown
39.5%
53,251Union
34.2%
58,626Hamburg
34.2%
59,360Clay
34.2%
43,270Lancaster
31.6%
43,557Henrietta
28.9%
44,988Mount Pleasant
28.9%
45,325West Seneca
26.3%
44,878Webster
23.7%
50,092Orangetown
23.7%
42,380Cortlandt
23.7%
46,902Perinton
18.4%
Remove Ads.
Support Sporcle.
Get the best of Sporcle when you Go Orange. This ad-free experience offers more features, more stats, and more fun while also helping to support Sporcle. Thank you for becoming a member.

You're not logged in!

Compare scores with friends on all Sporcle quizzes.
OR
Log In

Show Comments

Extras

Top Quizzes Today


Score Distribution

Your Account Isn't Verified!

In order to create a playlist on Sporcle, you need to verify the email address you used during registration. Go to your Sporcle Settings to finish the process.

Report this User

Report this user for behavior that violates our Community Guidelines.

Details: